[Event "VIE-chB"]
[Site "Ba Dinh"]
[Date "2018.12.02"]
[Round "7"]
[White "Nguyen, Quoc Hy"]
[Black "Dinh, Duc Trong"]
[Result "0-1"]
[WhiteElo "2117"]
[BlackElo "2347"]
[PlyCount "49"]
[EventDate "2018.11.28"]
[EventType "swiss"]
[EventRounds "9"]
[EventCountry "VIE"]
[SourceTitle "EXT 2021"]
[Source "ChessBase"]
[SourceDate "2020.10.23"]
[SourceVersion "1"]
[SourceVersionDate "2020.10.23"]
[SourceQuality "1"]

1. Nf3 g6 2. d4 Bg7 3. e4 d6 4. Nc3 Nd7 5. h4 h6 6. Bc4 e6 7. Be3 Ngf6 8. h5 Nxh5 9. g4 Nhf6 10. Rg1 d5 11. exd5 exd5 12. Nxd5 Nxd5 13. Bxd5 Nf6 14. Bb3 Nxg4 15. Qd3 Qe7 16. 0-0-0 Bf5 17. Qb5+ c6 18. Qa4 0-0 19. Bd2 a5 20. Rde1 Qd8 21. Qa3 b5 22. c3 Nxf2 23. Bc2 Bxc2 24. Kxc2 Qf6 25. Re3 0-1

[Event "VIE-chB"]
[Site "Ba Dinh"]
[Date "2018.11.29"]
[Round "3"]
[White "Nguyen, Huynh Minh Huy"]
[Black "Dinh, Duc Trong"]
[Result "1/2-1/2"]
[WhiteElo "2410"]
[BlackElo "2347"]
[PlyCount "43"]
[EventDate "2018.11.28"]
[EventType "swiss"]
[EventRounds "9"]
[EventCountry "VIE"]
[SourceTitle "EXT 2021"]
[Source "ChessBase"]
[SourceDate "2020.10.23"]
[SourceVersion "1"]
[SourceVersionDate "2020.10.23"]
[SourceQuality "1"]

1. d4 g6 2. c4 Bg7 3. Nc3 c5 4. Nf3 cxd4 5. Nxd4 Nc6 6. e3 Nf6 7. Be2 0-0 8. 0-0 b6 9. Bf3 Bb7 10. b3 d5 11. Nxc6 Bxc6 12. Rb1 e6 13. Bb2 Rc8 14. cxd5 Nxd5 15. Nxd5 Bxd5 16. Bxd5 Qxd5 17. Qxd5 exd5 18. Rfd1 Rc2 19. Bxg7 Kxg7 20. a4 Rfc8 21. Rxd5 Rb2 22. Rdd1 1/2-1/2

[Event "VIE-chB"]
[Site "Ba Dinh"]
[Date "2018.11.28"]
[Round "2"]
[White "Dinh, Duc Trong"]
[Black "Ngo, Thanh Tung"]
[Result "1/2-1/2"]
[WhiteElo "2347"]
[BlackElo "1940"]
[PlyCount "80"]
[EventDate "2018.11.28"]
[EventType "swiss"]
[EventRounds "9"]
[EventCountry "VIE"]
[SourceTitle "EXT 2021"]
[Source "ChessBase"]
[SourceDate "2020.10.23"]
[SourceVersion "1"]
[SourceVersionDate "2020.10.23"]
[SourceQuality "1"]

1. g3 e5 2. Bg2 Nc6 3. e4 Bc5 4. Nc3 a6 5. d3 d6 6. Be3 Bxe3 7. fxe3 h5 8. Nf3 Nge7 9. 0-0 Ng6 10. h4 Bg4 11. Qd2 Qd7 12. Nh2 Bh3 13. Bxh3 Qxh3 14. Qg2 Qd7 15. Qf3 f6 16. Qf5 Nge7 17. Qxd7+ Kxd7 18. Rf2 b5 19. Nf3 b4 20. Na4 Ng8 21. Raf1 Nh6 22. Nh2 Rae8 23. b3 Na7 24. c4 bxc3 25. Nxc3 Nb5 26. Rc1 c6 27. Kf1 Rhf8 28. Ke2 f5 29. Na4 fxe4 30. dxe4 Rxf2+ 31. Kxf2 Kc7 32. Ke2 Rf8 33. Rf1 Rxf1 34. Nxf1 Ng4 35. Nd2 Nf6 36. Kd3 Kd7 37. b4 Ke6 38. Nf3 Nc7 39. Ng5+ Ke7 40. Nb6 Ne6 1/2-1/2

[Event "VIE-chT"]
[Site "Ho Chi Minh City"]
[Date "2017.07.28"]
[Round "8.7"]
[White "Dinh, Duc Trong"]
[Black "Nguyen, Thanh Nghia"]
[Result "1-0"]
[WhiteElo "2347"]
[BlackElo "2124"]
[PlyCount "88"]
[EventDate "2017.07.24"]
[EventType "team-swiss"]
[EventRounds "9"]
[EventCountry "VIE"]
[SourceTitle "EXT 2019"]
[Source "ChessBase"]
[SourceDate "2018.10.10"]
[SourceVersion "1"]
[SourceVersionDate "2018.10.10"]
[SourceQuality "1"]

1. g3 d5 2. Bg2 c5 3. Nf3 Nc6 4. d4 e6 5. 0-0 Nf6 6. c4 Be7 7. cxd5 exd5 8. dxc5 Bxc5 9. Qc2 Be7 10. Rd1 0-0 11. Nc3 h6 12. Be3 Be6 13. Nd4 Ng4 14. Nxe6 Nxe3 15. Nxd8 Nxc2 16. Nxc6 bxc6 17. Rac1 Nb4 18. a3 Na6 19. Na4 Rac8 20. e4 dxe4 21. Bxe4 Nb8 22. Rc4 Rfd8 23. Rxd8+ Bxd8 24. Rb4 Bf6 25. Kf1 Nd7 26. Rb7 Ne5 27. b3 a5 28. f4 Ng4 29. h3 Ne3+ 30. Ke2 Bd4 31. Nb6 Bxb6 32. Rxb6 Nd5 33. Bxd5 cxd5 34. Kd3 Rc1 35. Rb5 Rg1 36. Rxa5 Rxg3+ 37. Kc2 d4 38. Rd5 Rxh3 39. a4 Rf3 40. a5 Rxf4 41. a6 Rf2+ 42. Kb1 Rf1+ 43. Kb2 Rf2+ 44. Ka3 Rf1 1-0

[Event "VIE-chT"]
[Site "Ho Chi Minh City"]
[Date "2017.07.26"]
[Round "5.21"]
[White "Dinh, Duc Trong"]
[Black "Le, Quang An"]
[Result "1-0"]
[WhiteElo "2347"]
[BlackElo "1669"]
[PlyCount "85"]
[EventDate "2017.07.24"]
[EventType "team-swiss"]
[EventRounds "9"]
[EventCountry "VIE"]
[SourceTitle "EXT 2019"]
[Source "ChessBase"]
[SourceDate "2018.10.10"]
[SourceVersion "1"]
[SourceVersionDate "2018.10.10"]
[SourceQuality "1"]

1. g3 g6 2. Bg2 Bg7 3. d4 d5 4. Nf3 Nf6 5. 0-0 0-0 6. Nbd2 Nbd7 7. c4 c6 8. b3 Re8 9. Bb2 Nf8 10. Re1 Qc7 11. Rc1 Qb6 12. Ne5 Bf5 13. e3 Rac8 14. g4 Be6 15. f4 N6d7 16. Nd3 Nf6 17. h3 h6 18. Qf3 h5 19. Ne5 hxg4 20. hxg4 dxc4 21. Ndxc4 Bxc4 22. Nxc4 Qd8 23. b4 e6 24. g5 Nd5 25. a3 Nb6 26. Na5 Qd7 27. Re2 f6 28. gxf6 Bxf6 29. Qg4 Qg7 30. Be4 Nd5 31. Nc4 Rcd8 32. Rg2 b5 33. Bxd5 exd5 34. Ne5 Bxe5 35. dxe5 Rc8 36. e6 Qe7 37. f5 Red8 38. Rh2 d4 39. Bxd4 Rxd4 40. Qxd4 Nh7 41. fxg6 Nf6 42. Rf1 Rf8 43. g7 1-0

[Event "VIE-ch"]
[Site "Bac Giang"]
[Date "2016.06.26"]
[Round "7"]
[White "Dinh, Duc Trong"]
[Black "Vu, Phi Hung"]
[Result "1-0"]
[WhiteElo "2347"]
[BlackElo "2051"]
[PlyCount "97"]
[EventDate "2016.06.22"]
[EventType "swiss"]
[EventRounds "9"]
[EventCountry "VIE"]
[SourceTitle "EXT 2017"]
[Source "ChessBase"]
[SourceDate "2016.10.25"]
[SourceVersion "1"]
[SourceVersionDate "2016.10.25"]
[SourceQuality "1"]

1. e4 c5 2. Nc3 Nc6 3. Bc4 e6 4. d3 Nf6 5. Bg5 Be7 6. Qd2 0-0 7. Nge2 a6 8. a4 Nb4 9. 0-0 d5 10. exd5 exd5 11. Bb3 h6 12. Bh4 b6 13. Na2 Nc6 14. Nac3 Nb4 15. Na2 a5 16. Nxb4 axb4 17. c3 bxc3 18. bxc3 Bb7 19. Rfb1 Qd7 20. Bc2 Ra6 21. Rb2 Qc6 22. f3 Rfa8 23. Rab1 Bd8 24. d4 Bc8 25. dxc5 bxc5 26. Bd3 c4 27. Bc2 Bd7 28. Nd4 Qc8 29. Nb5 Bf5 30. Bxf6 Rxf6 31. Qxd5 Bxc2 32. Rxc2 Rxa4 33. Nd6 Qd7 34. Rd2 Bc7 35. Ne4 Qxd5 36. Nxf6+ gxf6 37. Rxd5 Be5 38. Rc1 Kf8 39. g3 Ke7 40. f4 Ke6 41. Rd2 Bc7 42. Re1+ Kf5 43. Rd5+ Kg6 44. Kg2 Ra2+ 45. Kh3 Ba5 46. Re4 Ra4 47. f5+ Kg5 48. Rg4+ Kh5 49. Rg8 1-0

[Event "VIE-ch"]
[Site "Bac Giang"]
[Date "2016.06.24"]
[Round "5"]
[White "Dinh, Duc Trong"]
[Black "Chuc, Dinh Tan"]
[Result "1-0"]
[WhiteElo "2347"]
[BlackElo "1845"]
[PlyCount "47"]
[EventDate "2016.06.22"]
[EventType "swiss"]
[EventRounds "9"]
[EventCountry "VIE"]
[SourceTitle "EXT 2017"]
[Source "ChessBase"]
[SourceDate "2016.10.25"]
[SourceVersion "1"]
[SourceVersionDate "2016.10.25"]
[SourceQuality "1"]

1. e4 c6 2. Nc3 d5 3. Nf3 dxe4 4. Nxe4 Bf5 5. Ng3 Bg6 6. h4 f6 7. d4 Qc7 8. Bc4 Bf7 9. Qe2 Bxc4 10. Qxc4 Nd7 11. 0-0 0-0-0 12. Re1 h6 13. Re6 g5 14. h5 Nb6 15. Qb3 Rd6 16. Bd2 Qd7 17. Re2 Bg7 18. Ne4 f5 19. Nxd6+ exd6 20. Rae1 Kc7 21. Ba5 g4 22. Nh4 Bxd4 23. Ng6 Rh7 24. Nf8 1-0

[Event "VIE-chT"]
[Site "Ho Chi Minh City"]
[Date "2015.07.17"]
[Round "2.12"]
[White "Nguyen, Hai Quan"]
[Black "Dinh, Duc Trong"]
[Result "1/2-1/2"]
[WhiteElo "2069"]
[BlackElo "2347"]
[PlyCount "70"]
[EventDate "2015.07.16"]
[EventType "team-swiss"]
[EventRounds "9"]
[EventCountry "VIE"]
[SourceTitle "EXT 2016"]
[Source "ChessBase"]
[SourceDate "2015.10.08"]
[SourceVersion "1"]
[SourceVersionDate "2015.10.08"]
[SourceQuality "1"]

1. e4 g6 2. d4 Bg7 3. Nc3 d6 4. f4 Nd7 5. Nf3 e6 6. Bd3 Ne7 7. Be3 Nf6 8. h3 0-0 9. 0-0 b6 10. g4 c5 11. Ne2 c4 12. Bxc4 Nxe4 13. Bd3 Bb7 14. c3 Rc8 15. Qe1 Rc7 16. Ng3 Qa8 17. Nxe4 Bxe4 18. Bxe4 Qxe4 19. Ng5 Qc2 20. Qf2 Qxf2+ 21. Rxf2 h6 22. Ne4 d5 23. Ng3 f5 24. Re1 Kf7 25. Bd2 Ng8 26. Rfe2 Rc6 27. Nh1 Nf6 28. Nf2 b5 29. gxf5 gxf5 30. Nd3 Ne4 31. Kh2 Rg8 32. Rg1 Rcc8 33. Reg2 Bf6 34. Rxg8 Rxg8 35. Rxg8 Kxg8 1/2-1/2

[Event "VIE-ch Resolution 7th"]
[Site "Bac Giang"]
[Date "2014.12.09"]
[Round "4"]
[White "Dinh, Duc Trong"]
[Black "Ton That Nhu, Tung"]
[Result "1/2-1/2"]
[WhiteElo "2347"]
[BlackElo "2193"]
[PlyCount "30"]
[EventDate "2014.12.05"]
[EventType "swiss"]
[EventRounds "9"]
[EventCountry "VIE"]
[SourceTitle "EXT 2016"]
[Source "ChessBase"]
[SourceDate "2015.10.08"]
[SourceVersion "1"]
[SourceVersionDate "2015.10.08"]
[SourceQuality "1"]

1. g3 d5 2. Bg2 e5 3. d3 Nf6 4. Nf3 Bd6 5. Nc3 h6 6. 0-0 0-0 7. e4 dxe4 8. Nxe4 Nxe4 9. dxe4 Qe7 10. Nh4 Qf6 11. Qf3 Qxf3 12. Bxf3 Bc5 13. Rd1 Be6 14. c3 a5 15. Nf5 Kh7 1/2-1/2

[Event "VIE-ch Resolution 7th"]
[Site "Bac Giang"]
[Date "2014.12.08"]
[Round "3"]
[White "Vu, Phi Hung"]
[Black "Dinh, Duc Trong"]
[Result "1/2-1/2"]
[WhiteElo "2067"]
[BlackElo "2347"]
[PlyCount "85"]
[EventDate "2014.12.05"]
[EventType "swiss"]
[EventRounds "9"]
[EventCountry "VIE"]
[SourceTitle "EXT 2016"]
[Source "ChessBase"]
[SourceDate "2015.10.08"]
[SourceVersion "1"]
[SourceVersionDate "2015.10.08"]
[SourceQuality "1"]

1. e4 g6 2. d4 Bg7 3. c4 Nc6 4. Nf3 d6 5. d5 Nb8 6. Nbd2 Nf6 7. Rb1 0-0 8. Bd3 a5 9. b3 Na6 10. a3 Nc5 11. Bc2 Bd7 12. 0-0 b5 13. b4 axb4 14. axb4 Na4 15. Bxa4 Rxa4 16. Re1 bxc4 17. Nxc4 c5 18. dxc6 Bxc6 19. Nd4 Bd7 20. f3 Qb8 21. Nc2 Rc8 22. N4e3 Ra2 23. Qd3 Qa7 24. Kh1 Be6 25. Rd1 Nd7 26. Nd4 Ne5 27. Qf1 Nc4 28. Nxe6 Nxe3 29. Bxe3 Qxe3 30. Nxg7 Kxg7 31. Rdc1 Rxc1 32. Rxc1 Rb2 33. Qc4 Rxb4 34. Qc2 Rb7 35. Qc8 Rb2 36. h3 Qd2 37. Rg1 Qb4 38. Qc7 Qb7 39. Qc3+ f6 40. Qa3 Qb3 41. Qa6 Rb1 42. Qa7 Qb7 43. Qa2 1/2-1/2

[Event "VIE-ch Resolution 7th"]
[Site "Bac Giang"]
[Date "2014.12.05"]
[Round "1"]
[White "Nguyen, Tan Thinh"]
[Black "Dinh, Duc Trong"]
[Result "0-1"]
[WhiteElo "1990"]
[BlackElo "2347"]
[PlyCount "117"]
[EventDate "2014.12.05"]
[EventType "swiss"]
[EventRounds "9"]
[EventCountry "VIE"]
[SourceTitle "EXT 2016"]
[Source "ChessBase"]
[SourceDate "2015.10.08"]
[SourceVersion "1"]
[SourceVersionDate "2015.10.08"]
[SourceQuality "1"]

1. d4 g6 2. Nf3 Bg7 3. g3 d6 4. Bg2 Bd7 5. c3 Qc8 6. Ng5 Nc6 7. Qb3 Nh6 8. Nd2 f6 9. Ngf3 Nf7 10. d5 Ncd8 11. Nd4 c5 12. N4f3 0-0 13. a4 e5 14. dxe6 Bxe6 15. Qc2 f5 16. 0-0 d5 17. Rd1 Nc6 18. Nb3 b6 19. Be3 Rd8 20. Nc1 d4 21. Bg5 dxc3 22. Rxd8+ Ncxd8 23. bxc3 Bd5 24. Be3 Be4 25. Qb2 Qc6 26. Nd3 Ne6 27. Qa3 Rd8 28. Nfe1 Nd6 29. Qa2 c4 30. Nb4 Qa8 31. Rc1 Kh8 32. a5 Bxg2 33. Nxg2 b5 34. f3 Nb7 35. Nc6 Rd5 36. Nxa7 Nbc5 37. Nxb5 Nb3 38. Rb1 Rxb5 39. Qa4 Rxa5 40. Qxc4 Nbc5 41. Kf2 Qc8 42. Kf1 Ra8 43. h4 Na4 44. Qxc8+ Rxc8 45. c4 Kg8 46. Rb4 Nac5 47. g4 fxg4 48. fxg4 Ne4 49. Ne1 Nf6 50. g5 Ng4 51. Bg1 Ne5 52. Rb6 Kf7 53. Nd3 Nxc4 54. Ra6 Ne5 55. Nb4 Rc1+ 56. Kg2 Nf4+ 57. Kh2 Ng4+ 58. Kg3 Nxe2+ 59. Kxg4 0-1

[Event "VIE-chT"]
[Site "Ho Chi Minh City"]
[Date "2013.08.17"]
[Round "6"]
[White "Dinh, Duc Trong"]
[Black "Tran, Ngoc Lan"]
[Result "1/2-1/2"]
[WhiteElo "2356"]
[BlackElo "2237"]
[PlyCount "62"]
[EventDate "2013.08.14"]
[EventType "team-swiss"]
[EventRounds "11"]
[EventCountry "VIE"]
[SourceTitle "CBM 156 Extra"]
[Source "ChessBase"]
[SourceDate "2013.10.22"]
[SourceVersion "1"]
[SourceVersionDate "2013.10.22"]
[SourceQuality "1"]

1. Nf3 d5 2. g3 Nf6 3. Bg2 g6 4. 0-0 Bg7 5. d4 0-0 6. Nbd2 c6 7. c3 Nbd7 8. Re1 Re8 9. e4 Nxe4 10. Nxe4 dxe4 11. Rxe4 Nf6 12. Re1 Bg4 13. Qb3 Bxf3 14. Bxf3 Qd7 15. Bf4 e6 16. Be5 Rad8 17. Re2 Qc8 18. Rae1 Rd7 19. h4 h5 20. Qa3 a6 21. b4 Nd5 22. Bxg7 Kxg7 23. Qb2 Kg8 24. Re5 Red8 25. Qd2 Kg7 26. Qb2 Rd6 27. a4 Nf6 28. a5 Qd7 29. Qc1 Qe7 30. Bg2 Ng4 31. R5e2 R8d7 1/2-1/2

[Event "VIE-chT"]
[Site "Ho Chi Minh City"]
[Date "2013.08.17"]
[Round "5"]
[White "Pham, Xuan Dat"]
[Black "Dinh, Duc Trong"]
[Result "1/2-1/2"]
[WhiteElo "2199"]
[BlackElo "2356"]
[PlyCount "48"]
[EventDate "2013.08.14"]
[EventType "team-swiss"]
[EventRounds "11"]
[EventCountry "VIE"]
[SourceTitle "CBM 156 Extra"]
[Source "ChessBase"]
[SourceDate "2013.10.22"]
[SourceVersion "1"]
[SourceVersionDate "2013.10.22"]
[SourceQuality "1"]

1. d4 g6 2. c4 Bg7 3. Nc3 c5 4. Nf3 cxd4 5. Nxd4 Nc6 6. e3 Nf6 7. Be2 0-0 8. 0-0 b6 9. Bf3 Bb7 10. b3 Qc7 11. Bb2 Nxd4 12. Bxb7 Qxb7 13. Qxd4 Ne4 14. Qd3 Nxc3 15. Bxc3 Bxc3 16. Qxc3 Rfd8 17. Rfd1 d5 18. cxd5 Rxd5 19. Rxd5 Qxd5 20. Rc1 Rd8 21. h3 Qd2 22. Qc7 Rd6 23. Rc2 Qd1+ 24. Kh2 Rd7 1/2-1/2

[Event "VIE-chT"]
[Site "Ho Chi Minh City"]
[Date "2012.09.24"]
[Round "5"]
[White "Dinh, Duc Trong"]
[Black "Tu, Hoang Thong"]
[Result "1-0"]
[WhiteElo "2363"]
[BlackElo "2439"]
[PlyCount "63"]
[EventDate "2012.09.21"]
[EventType "team-tourn"]
[EventRounds "9"]
[EventCountry "VIE"]
[SourceTitle "CBM 150 Extra"]
[Source "ChessBase"]
[SourceDate "2012.10.19"]
[SourceVersion "1"]
[SourceVersionDate "2012.10.19"]
[SourceQuality "1"]

1. g3 d5 2. Bg2 Nc6 3. d3 e5 4. a3 a5 5. Nd2 Be6 6. b3 h5 7. h3 f5 8. h4 f4 9. gxf4 exf4 10. Bb2 Nf6 11. Ndf3 Bc5 12. Qd2 0-0 13. Nh3 Bxh3 14. Bxh3 Qe7 15. Ng5 Nd4 16. Bxd4 Bxd4 17. c3 Be5 18. d4 Bd6 19. f3 c6 20. Qd3 Kh8 21. Be6 b5 22. a4 bxa4 23. Rxa4 Ra7 24. Qg6 c5 25. dxc5 Be5 26. Kf1 Qxc5 27. Bf5 Qxc3 28. Nh7 Qc1+ 29. Kg2 Qe3 30. Ra2 Rg8 31. Kh3 Qf2 32. Nxf6 1-0

[Event "VIE-chT"]
[Site "Ho Chi Minh City"]
[Date "2012.09.24"]
[Round "6"]
[White "Tran, Thanh Tu"]
[Black "Dinh, Duc Trong"]
[Result "1-0"]
[WhiteElo "2293"]
[BlackElo "2363"]
[PlyCount "65"]
[EventDate "2012.09.21"]
[EventType "team-tourn"]
[EventRounds "9"]
[EventCountry "VIE"]
[SourceTitle "CBM 150 Extra"]
[Source "ChessBase"]
[SourceDate "2012.10.19"]
[SourceVersion "1"]
[SourceVersionDate "2012.10.19"]
[SourceQuality "1"]

1. Nf3 g6 2. g4 d5 3. h3 c5 4. c4 d4 5. d3 Nc6 6. Bg2 Bg7 7. Na3 e5 8. Nc2 Nf6 9. 0-0 0-0 10. Bg5 h6 11. Bh4 g5 12. Bg3 h5 13. Nxg5 hxg4 14. e3 Nh5 15. Ne4 Nxg3 16. fxg3 f5 17. Nxc5 dxe3 18. Bd5+ Kh8 19. hxg4 Ne7 20. gxf5 Nxd5 21. Qh5+ Kg8 22. cxd5 Qxd5 23. f6 e2 24. Rf2 Rxf6 25. Rxf6 Bxf6 26. Ne4 Bg7 27. Qe8+ Kh7 28. Kf2 Bh3 29. Qh5+ Kg8 30. Qxh3 Qxd3 31. Qe6+ Kf8 32. Nd6 e1Q+ 33. Nxe1 1-0

[Event "VIE-chT"]
[Site "Ho Chi Minh City"]
[Date "2012.09.21"]
[Round "2"]
[White "Nguyen, Cong Tai"]
[Black "Dinh, Duc Trong"]
[Result "0-1"]
[WhiteElo "1783"]
[BlackElo "2363"]
[PlyCount "92"]
[EventDate "2012.09.21"]
[EventType "team-tourn"]
[EventRounds "9"]
[EventCountry "VIE"]
[SourceTitle "CBM 150 Extra"]
[Source "ChessBase"]
[SourceDate "2012.10.19"]
[SourceVersion "1"]
[SourceVersionDate "2012.10.19"]
[SourceQuality "1"]

1. Nf3 g6 2. g3 Bg7 3. Bg2 d6 4. 0-0 Bd7 5. d3 Qc8 6. Nbd2 Nc6 7. c4 h5 8. h4 Nh6 9. Rb1 f6 10. b4 Nf7 11. b5 Ncd8 12. Bb2 e5 13. Ne4 Ne6 14. e3 f5 15. Neg5 Bf6 16. Nxf7 Kxf7 17. d4 e4 18. Nd2 Rf8 19. f3 exf3 20. Qxf3 Rb8 21. Nb3 Kg8 22. e4 Nd8 23. e5 dxe5 24. dxe5 Be7 25. Kh2 c5 26. Rbd1 b6 27. e6 Bxe6 28. Be5 Nf7 29. Bxb8 Qxb8 30. Rfe1 Ne5 31. Qf4 Ng4+ 32. Kg1 Qxf4 33. gxf4 Kf7 34. Bd5 Bxd5 35. cxd5 Bxh4 36. Re2 Rd8 37. d6 Rd7 38. a4 Bg3 39. a5 Bxf4 40. a6 Ne3 41. Nxc5 bxc5 42. b6 Nxd1 43. b7 Rd8 44. Re7+ Kf6 45. Rc7 Bxd6 46. Rc8 Ke7 0-1

[Event "Asia-ch 6th"]
[Site "Cebu"]
[Date "2007.09.25"]
[Round "7"]
[White "Dinh, Duc Trong"]
[Black "Fancy, Stuart"]
[Result "1-0"]
[WhiteElo "2354"]
[BlackElo "2152"]
[PlyCount "47"]
[EventDate "2007.09.19"]
[EventType "swiss"]
[EventRounds "11"]
[EventCountry "PHI"]
[SourceTitle "CBM 120 Extra"]
[Source "ChessBase"]
[SourceDate "2007.11.01"]
[SourceVersion "1"]
[SourceVersionDate "2007.11.01"]
[SourceQuality "1"]

1. g3 g6 2. Bg2 Bg7 3. Nf3 e5 4. 0-0 d6 5. d3 Ne7 6. Nbd2 Nbc6 7. c3 0-0 8. e4 Bg4 9. h3 Be6 10. Ng5 Bc8 11. f4 b5 12. fxe5 Nxe5 13. d4 h6 14. Ngf3 Nd3 15. Nb3 Nxc1 16. Rxc1 Bb7 17. Qd3 a5 18. Rf2 b4 19. Nbd2 Ba6 20. Qe3 d5 21. Ne5 f6 22. Nef3 f5 23. exd5 bxc3 24. bxc3 1-0

[Event "Asia-ch 6th"]
[Site "Cebu"]
[Date "2007.09.21"]
[Round "3"]
[White "Rohit, Gogineni"]
[Black "Dinh, Duc Trong"]
[Result "1/2-1/2"]
[WhiteElo "2470"]
[BlackElo "2354"]
[PlyCount "81"]
[EventDate "2007.09.19"]
[EventType "swiss"]
[EventRounds "11"]
[EventCountry "PHI"]
[SourceTitle "CBM 120 Extra"]
[Source "ChessBase"]
[SourceDate "2007.11.01"]
[SourceVersion "1"]
[SourceVersionDate "2007.11.01"]
[SourceQuality "1"]

1. e4 c6 2. d4 d6 3. Nc3 Nd7 4. Nf3 Qc7 5. a4 Ngf6 6. g3 e5 7. Bg2 Be7 8. 0-0 0-0 9. h3 b6 10. Nh4 g6 11. Bg5 a6 12. Bh6 Re8 13. Qd2 Nf8 14. Rad1 b5 15. Rfe1 Rb8 16. axb5 axb5 17. b4 Be6 18. Nf3 Bc4 19. Nb1 N8d7 20. Qc3 Bd8 21. Nbd2 Nb6 22. dxe5 dxe5 23. Ra1 Nfd7 24. Nb3 Na4 25. Qd2 Be7 26. Na5 Ndb6 27. Red1 Rbd8 28. Qe1 Be6 29. Bf1 f6 30. Be3 Kf7 31. Rdc1 Nb2 32. Qc3 N2c4 33. Nxc4 Nxc4 34. Ra7 Qc8 35. Bc5 Rd7 36. Rxd7 Qxd7 37. Bxe7 Rxe7 38. Kh2 Nd6 39. Qe3 Qa7 40. Qe1 Qa3 41. Bd3 1/2-1/2

[Event "Phu Quoc zt 3.3"]
[Site "Phu Quoc"]
[Date "2007.01.11"]
[Round "9"]
[White "Dinh, Duc Trong"]
[Black "Shanmugam, Ravindran"]
[Result "1/2-1/2"]
[WhiteElo "2362"]
[BlackElo "2151"]
[PlyCount "93"]
[EventDate "2007.01.11"]
[EventType "swiss"]
[EventRounds "9"]
[EventCountry "VIE"]
[SourceTitle "CBM 116 Extra"]
[Source "ChessBase"]
[SourceDate "2007.03.07"]
[SourceVersion "1"]
[SourceVersionDate "2007.03.07"]
[SourceQuality "1"]

1. e4 e5 2. Nf3 Nc6 3. Nc3 Nf6 4. g3 d5 5. exd5 Nxd5 6. Bg2 Nde7 7. 0-0 g6 8. Re1 Bg7 9. b4 Bg4 10. h3 Bxf3 11. Bxf3 Qc8 12. b5 Nd4 13. Ba3 Nef5 14. Bg2 Nd6 15. f4 N6xb5 16. Nxb5 Nxb5 17. Qf3 Nxa3 18. Qxa3 Qe6 19. Rab1 Qd6 20. Qa4+ Qd7 21. Qb4 Qd6 22. fxe5 Qxb4 23. Rxb4 Rb8 24. Rxb7 Rxb7 25. Bxb7 Ke7 26. Bc6 Rd8 27. d3 Ke6 28. Ba4 Bxe5 29. Bb3+ Kd6 30. g4 f5 31. Rf1 f4 32. Kg2 g5 33. Re1 Rd7 34. Kf3 Re7 35. Re4 Bc3 36. d4 h6 37. Bc4 Bxd4 38. Rxe7 Kxe7 39. Ke4 Bf2 40. Kd5 a5 41. a4 Kf6 42. Be2 Ke7 43. c4 Kd7 44. c5 c6+ 45. Kc4 Ke6 46. Bf3 Kd7 47. Be4 1/2-1/2

[Event "Phu Quoc zt 3.3"]
[Site "Phu Quoc"]
[Date "2007.01.11"]
[Round "8"]
[White "Hoang Canh, Huan"]
[Black "Dinh, Duc Trong"]
[Result "1-0"]
[WhiteElo "2302"]
[BlackElo "2362"]
[PlyCount "97"]
[EventDate "2007.01.11"]
[EventType "swiss"]
[EventRounds "9"]
[EventCountry "VIE"]
[SourceTitle "CBM 116 Extra"]
[Source "ChessBase"]
[SourceDate "2007.03.07"]
[SourceVersion "1"]
[SourceVersionDate "2007.03.07"]
[SourceQuality "1"]

1. e4 g6 2. d4 d6 3. c4 e5 4. Nf3 Bg7 5. Bg5 f6 6. Be3 Bg4 7. Be2 Nc6 8. d5 Nce7 9. c5 Bh6 10. Qa4+ Kf8 11. Bxh6+ Nxh6 12. Qb4 Bxf3 13. Bxf3 b6 14. cxd6 cxd6 15. Na3 Nf7 16. Rc1 Rc8 17. 0-0 Kg7 18. Be2 f5 19. f3 Rf8 20. Ba6 Rxc1 21. Rxc1 fxe4 22. fxe4 Ng8 23. Nb5 Qg5 24. Re1 Qe7 25. Qc3 Rd8 26. Nc7 Ng5 27. Bd3 Rd7 28. Rc1 Kh8 29. h4 Nf7 30. Bb5 Rd8 31. Ne6 Qxh4 32. Nxd8 Qxd8 33. Qc7 Qg5 34. Rc3 Nfh6 35. Qxd6 Qf4 36. Rf3 Qxe4 37. Bd7 Qd4+ 38. Kh2 Qh4+ 39. Kg1 Qd4+ 40. Kh2 Qh4+ 41. Bh3 Ng4+ 42. Kg1 Qe1+ 43. Rf1 Qe3+ 44. Kh1 Qe2 45. Qf8 Ne3 46. Rf7 Nf5 47. Bxf5 Qf1+ 48. Kh2 Qf4+ 49. Kh3 1-0

[Event "Phu Quoc zt 3.3"]
[Site "Phu Quoc"]
[Date "2007.01.11"]
[Round "1"]
[White "Paragua, Mark"]
[Black "Dinh, Duc Trong"]
[Result "1-0"]
[WhiteElo "2573"]
[BlackElo "2362"]
[PlyCount "83"]
[EventDate "2007.01.11"]
[EventType "swiss"]
[EventRounds "9"]
[EventCountry "VIE"]
[SourceTitle "CBM 116 Extra"]
[Source "ChessBase"]
[SourceDate "2007.03.07"]
[SourceVersion "1"]
[SourceVersionDate "2007.03.07"]
[SourceQuality "1"]

1. e4 d6 2. d4 g6 3. Nc3 a6 4. f4 b5 5. Bd3 Nd7 6. e5 e6 7. Nf3 Bb7 8. 0-0 Ne7 9. Qe2 Bxf3 10. Qxf3 d5 11. Be3 c5 12. dxc5 Nc6 13. Ne4 Rc8 14. Nd6+ Bxd6 15. exd6 d4 16. Be4 Ndb8 17. Bd2 b4 18. f5 gxf5 19. Bxf5 Ne5 20. Qg3 Rxc5 21. Bxb4 Qxd6 22. Bxc5 Qxc5 23. Bd3 Kf8 24. Rae1 Nbd7 25. b4 Qd6 26. Qf4 Rg8 27. Re4 Rg4 28. Qh6+ Ke8 29. Qxh7 Rxe4 30. Qxe4 Qxb4 31. Bxa6 f5 32. Qe2 Qc5 33. Bd3 Nf6 34. h3 Ke7 35. Re1 Kd6 36. a4 f4 37. Qf2 Nd5 38. Be4 Ne3 39. Qxf4 Nxc2 40. Bxc2 d3+ 41. Qf2 Qxf2+ 42. Kxf2 1-0